00899nam a22002177a 4500003000900000005001700009008004100026040001300067082001900080100005400099245016900153260005000322300003300372500005800405504004100463650002500504650002600529651005400555654003900609700003300648BD-DhSAU20221214122453.0150612b2021 bg ad||| m||| 00| 0 eng d aBD-DhSAU 222a420bC4595 aChowdhury, Sharifa,eRegistration no. # 201406044 aThe Impact of the academic literacies of British universities on academic achievements of asian students studing on postgraduate programmes in the UK bPh.D. Thesis aUniversity of LEEDS :bDepartment of ,c2021 avii, 105p. :bill. ;c30 cm. aPh.D. thesis of Department of , University of LEEDS  aIncludes bibliographical reference.  aacademic literacies  aBritish universities  a academic achievements of asian students studing  apostgraduate programmes in the UK  aDR. Diana MazgutovaeChaiman